000 01211nam a2200373 i 4500
001 bg
003 BPK
005 20230224140907.0
008 000323s1999 pl a f |001 0 pol
015 _aPB 2000/5608
020 _a8371581947
040 _aWA N
_cBPK
041 1 _apol
_heng
080 _a004.438
080 _a004.5
080 _a004.738.52
080 _a(07)
100 1 _aCastro, Elizabeth
_eAutor
245 1 0 _aPerl i CGI :
_bnauka pisania skryptów /
_cElizabeth Castro ; przekł. z jęz. ang. Piotr Nowakowski.
246 1 _iTyt. oryg.:
_aPerl and CGI for the World Wide Web :
_bVisual QuickStart guide,
_f1999.
260 _aWarszawa :
_b"Mikom",
_c1999.
300 _a266 s. :
_bil. ;
_c24 cm.
490 1 _aŚwiat Internetu.
500 _aNa okł. błędna nazwa aut.: Elisabeth Castro.
504 _aIndeks.
650 4 _aPERL.
655 4 _aPodręcznik
650 4 _aCGI
700 1 _aNowakowski, Piotr.
_eTłumaczenie
710 2 _aWydawnictwo Mikom
_4pbl.
830 0 _aŚwiat Internetu
942 _2UKD
_cKS
856 _uhttp://koha.tu.koszalin.pl/cgi-bin/koha/opac-detail.pl?biblionumber=35771
_yKatalog online BPK
999 _c35771
_d35771